[Event "European Amateur-ch U2300 2019"]
[Site "Rhodes"]
[Date "2019.04.07"]
[Round "2.2"]
[White "Van De Perre, Tom"]
[Black "Shukan, Alexander"]
[Result "1-0"]
[WhiteElo "2102"]
[BlackElo "2088"]
[Annotator "NA"]
[PlyCount "159"]
[EventDate "2019.04.06"]
[EventType "swiss"]
[EventCountry "GRE"]
[SourceTitle "playchess.com"]
[Source "ChessBase"]
[SourceQuality "1"]
[TimeControl "40/5400+30:1800+30"]

1. e4 {[%emt 0:00:00]} e6 {[%emt 0:00:00]} 2. d4 {[%emt 0:00:00]} d5 {[%emt 0:00:00]} 3. exd5 {[%emt 0:00:00]} exd5 {[%emt 0:00:00]} 4. Nf3 {[%emt 0:00:00]} Bd6 {[%emt 0:00:00]} 5. c4 {[%emt 0:00:02]} c6 {[%emt 0:00:12]} 6. c5 {[%emt 0:00:26]} Bc7 {[%emt 0:00:20] C01: French: Exchange Variation} 7. Bd3 {[%emt 0:01:08]} Nf6 {[%emt 0:05:24]} (7... Ne7 8. Qc2 h6 9. O-O O-O 10. h3 b6 11. Re1 Re8 12. a3 Ba6 13. Bxa6 Nxa6 14. Be3 {1-0 (65) Moussard,J (2559)-Krishna,C (2399) Paris 2018}) 8. Qe2+ {[%emt 0:01:30]} Qe7 {[%emt 0:00:24]} 9. Qxe7+ {[%emt 0:01:30]} Kxe7 {[%emt 0:00:04]} 10. O-O {[%emt 0:00:57]} Re8 {[%emt 0:02:28]} 11. Re1+ {[%emt 0:06:42]} Kf8 {[%emt 0:02:35]} 12. Rxe8+ {[%emt 0:01:15]} Kxe8 {[%emt 0:00:27]} 13. Nc3 $146 {[%emt 0:06:10]} ({Predecessor:} 13. Bg5 Ne4 14. Nbd2 f5 15. Re1 h6 16. Be3 Be6 {0-1 (16) Zhelezny,A (1795)-Amann,K (1908) Chessfriend.com 2004}) 13... Bg4 {[%emt 0:01:31]} 14. Bg5 {[%emt 0:01:05]} Bxf3 {[%emt 0:04:11]} 15. Bxf6 {[%emt 0:06:14]} gxf6 {[%emt 0:00:37]} 16. gxf3 {[%emt 0:00:17]} h6 {[%emt 0:00:14]} 17. b4 {[%emt 0:07:34]} Na6 {[%emt 0:04:00]} 18. a3 {[%emt 0:01:44]} Bd8 {[%emt 0:04:44]} 19. f4 {[%emt 0:04:49]} Nc7 {[%emt 0:00:21]} 20. f5 {[%emt 0:00:19]} Kd7 {[%emt 0:03:57]} 21. a4 {[%emt 0:02:22]} Be7 {[%emt 0:00:52]} 22. b5 {[%emt 0:07:45]} Rg8+ $14 {[%emt 0:00:33]} 23. Kh1 {[%emt 0:01:06]} Rg4 {[%emt 0:01:15]} 24. Ne2 {[%emt 0:00:17]} b6 {[%emt 0:11:58]} 25. cxb6 {[%emt 0:12:43]} axb6 {[%emt 0:00:02]} 26. bxc6+ {[%emt 0:00:21]} Kxc6 {[%emt 0:00:15]} 27. h3 {[%emt 0:04:13]} Rg8 {[%emt 0:02:00]} 28. Nf4 {[%emt 0:05:20]} Bb4 {[%emt 0:09:09]} 29. Rc1+ {[%emt 0:02:57]} Kd6 {[%emt 0:01:38]} 30. Rxc7 {[%emt 0:01:42]} Kxc7 {[%emt 0:01:30]} 31. Nxd5+ {[%emt 0:00:09]} Kd6 {[%emt 0:00:01]} 32. Nxb4 {[%emt 0:01:28]} Ra8 {[%emt 0:00:07]} 33. Bb5 {[%emt 0:04:58]} Rg8 {[%emt 0:00:14]} 34. Kh2 {[%emt 0:01:27]} Rg5 {[%emt 0:01:17]} 35. Bd3 {[%emt 0:00:42]} Rg8 {[%emt 0:00:50]} 36. Be4 {[%emt 0:02:19]} Rc8 {[%emt 0:00:59]} 37. Bd5 {[%emt 0:00:24]} Rc3 {[%emt 0:01:20]} 38. Bxf7 {[%emt 0:01:29]} Ra3 {[%emt 0:00:47]} 39. Nd5 {[%emt 0:08:00]} Rxa4 {[%emt 0:01:48]} 40. Nxb6 {[%emt 0:00:00]} Rxd4 {[%emt 0:00:00]} 41. Nc4+ {[%emt 0:01:28]} Ke7 {[%emt 0:04:06]} 42. Be6 {[%emt 0:00:15]} Kf8 {[%emt 0:01:52]} 43. Ne3 {[%emt 0:01:12]} Re4 {[%emt 0:02:35]} 44. Kg3 {[%emt 0:00:45]} Rd4 {[%emt 0:00:20]} 45. Nd5 {[%emt 0:01:29]} Kg7 {[%emt 0:00:07]} 46. Nf4 {[%emt 0:00:24]} Kf8 {[%emt 0:00:14]} 47. Bd5 {[%emt 0:02:35]} Rd2 {[%emt 0:00:39]} 48. Bf3 {[%emt 0:04:38]} Rb2 {[%emt 0:01:03]} 49. Bh5 {[%emt 0:01:41]} Rb5 {[%emt 0:02:04]} 50. Bg6 {[%emt 0:00:08]} Rb3+ {[%emt 0:00:24]} 51. f3 {[%emt 0:02:03]} Ra3 {[%emt 0:00:53]} 52. Ne6+ {[%emt 0:01:23]} Ke7 {[%emt 0:01:01]} 53. Kg4 {[%emt 0:00:33]} Ra4+ {[%emt 0:01:10]} 54. f4 {[%emt 0:00:36]} Ra3 {[%emt 0:01:37]} 55. h4 {[%emt 0:00:37]} Ra1 {[%emt 0:00:06]} 56. Kh5 {[%emt 0:01:06]} Rh1 {[%emt 0:02:27]} 57. Nc7 {[%emt 0:00:15]} Kf8 {[%emt 0:00:20]} 58. Nd5 {[%emt 0:00:22]} Kg7 {[%emt 0:00:09]} 59. Ne3 {[%emt 0:00:31]} Rb1 {[%emt 0:01:21]} 60. Ng4 {[%emt 0:00:24]} Rb8 {[%emt 0:00:04]} 61. Ne3 {[%emt 0:01:48]} Rb3 {[%emt 0:00:41]} 62. Nd5 {[%emt 0:00:50]} Rh3 {[%emt 0:02:26]} 63. Nc7 {[%emt 0:04:49]} Kf8 {[%emt 0:01:21]} 64. Kxh6 {[%emt 0:02:45]} Rxh4+ {[%emt 0:00:04]} 65. Bh5 {[%emt 0:00:19]} Kg8 {[%emt 0:01:30]} 66. Nd5 {[%emt 0:00:47]} Kh8 {[%emt 0:00:56]} 67. Kg6 {[%emt 0:00:31]} Rh2 {[%emt 0:01:49]} 68. Nxf6 {[%emt 0:01:11]} Rg2+ {[%emt 0:00:32]} 69. Ng4 {[%emt 0:00:29]} Ra2 {[%emt 0:03:16]} 70. f6 {[%emt 0:00:30]} Ra6 {[%emt 0:00:12]} 71. Ne5 {[%emt 0:00:45]} Rb6 {[%emt 0:00:40]} 72. Be2 {[%emt 0:00:28]} Re6 {[%emt 0:00:49]} 73. Bb5 {[%emt 0:02:18]} Rb6 {[%emt 0:00:17]} 74. Bc6 {[%emt 0:00:47]} Ra6 {[%emt 0:00:21]} 75. Kf7 {[%emt 0:00:54]} Ra7+ {[%emt 0:00:42]} 76. Bd7 {[%emt 0:00:22]} Kh7 {[%emt 0:01:28]} 77. Ke7 {[%emt 0:00:34]} Kg8 {[%emt 0:00:32]} 78. f7+ {[%emt 0:00:54]} Kh7 {[%emt 0:00:52]} 79. f8=Q {[%emt 0:00:49]} Rxd7+ {[%emt 0:00:00]} 80. Nxd7 {[%emt 0:00:25]} 1-0

[Event "European Amateur-ch U2300 2019"]
[Site "Rhodes"]
[Date "2019.04.07"]
[Round "2.3"]
[White "Stavropoulos, Konstantinos"]
[Black "Brouwer, Dennis"]
[Result "0-1"]
[WhiteElo "2001"]
[BlackElo "2179"]
[Annotator "NA"]
[PlyCount "64"]
[EventDate "2019.04.06"]
[EventType "swiss"]
[EventCountry "GRE"]
[SourceTitle "playchess.com"]
[Source "ChessBase"]
[SourceQuality "1"]
[TimeControl "40/5400+30:1800+30"]

1. d4 {[%emt 0:00:00]} Nf6 {[%emt 0:00:00]} 2. c4 {[%emt 0:00:17]} g6 {[%emt 0:00:01]} 3. Nc3 {[%emt 0:00:33]} d5 {[%emt 0:00:29]} 4. Bg5 {[%emt 0:01:59]} dxc4 {[%emt 0:00:38]} 5. e4 {[%emt 0:16:05]} c5 {[%emt 0:07:25]} 6. d5 {[%emt 0:00:00]} b5 {[%emt 0:16:00]} 7. Bxf6 {[%emt 0:07:44]} exf6 {[%emt 0:02:10]} 8. Nxb5 {[%emt 0:02:27]} Qb6 {[%emt 0:18:09]} 9. Bxc4 {[%emt 0:03:10]} a6 {[%emt 0:02:56]} 10. Nc3 {[%emt 0:01:33]} Qxb2 {[%emt 0:04:04]} 11. Nge2 {[%emt 0:09:12]} Bd6 {[%emt 0:02:29]} 12. f4 {[%emt 0:07:38]} Qb4 {[%emt 0:07:56]} 13. Qd3 {[%emt 0:03:55]} O-O {[%emt 0:05:02]} 14. O-O {[%emt 0:06:23]} Nd7 {[%emt 0:03:03]} 15. a4 {[%emt 0:08:33]} Nb6 {[%emt 0:07:07]} 16. Ba2 {[%emt 0:00:33]} Bg4 {[%emt 0:01:56]} 17. Rfb1 {[%emt 0:07:00]} Qa5 {[%emt 0:00:32]} 18. Kh1 {[%emt 0:01:36]} Rab8 {[%emt 0:03:07]} 19. Qc2 {[%emt 0:03:08]} Rfe8 {[%emt 0:02:39]} 20. Bb3 {[%emt 0:07:30]} Kg7 {[%emt 0:02:42]} 21. Rf1 {[%emt 0:03:28]} Qb4 {[%emt 0:01:47]} 22. a5 {[%emt 0:01:58]} Nc4 {[%emt 0:04:16]} 23. Ba4 {[%emt 0:01:07]} Ne3 {[%emt 0:02:35]} 24. Qd3 {[%emt 0:00:07]} Nxf1 {[%emt 0:00:54]} 25. Bxe8 {[%emt 0:00:38]} Rxe8 {[%emt 0:00:19]} 26. Qxa6 {[%emt 0:01:35]} Bxe2 {[%emt 0:00:49]} 27. Nxe2 {[%emt 0:00:15]} Qxe4 {[%emt 0:00:17]} 28. Qxd6 {[%emt 0:03:34]} Qxe2 {[%emt 0:00:21]} 29. a6 {[%emt 0:00:07]} Ne3 {[%emt 0:00:59]} 30. Rg1 {[%emt 0:00:09]} Nxg2 {[%emt 0:00:49]} 31. h3 {[%emt 0:00:49]} Nh4 {[%emt 0:00:40]} 32. a7 {[%emt 0:00:56]} Qf3+ {[%emt 0:00:06]} 0-1

[Event "European Amateur-ch U2300 2019"]
[Site "Rhodes"]
[Date "2019.04.07"]
[Round "2.4"]
[White "Cmiel, Thorsten"]
[Black "Minko, Dmitry"]
[Result "1/2-1/2"]
[WhiteElo "2109"]
[BlackElo "2169"]
[Annotator "NA"]
[PlyCount "57"]
[EventDate "2019.04.06"]
[EventType "swiss"]
[EventCountry "GRE"]
[SourceTitle "playchess.com"]
[Source "ChessBase"]
[SourceQuality "1"]
[TimeControl "40/5400+30:1800+30"]

1. c4 {[%emt 0:00:00]} e6 {[%emt 0:00:00]} 2. Nc3 {[%emt 0:00:53]} d5 {[%emt 0:00:00]} 3. e3 {[%emt 0:02:57]} Nf6 {[%emt 0:01:55]} 4. Nf3 {[%emt 0:02:44]} c5 {[%emt 0:11:12]} 5. cxd5 {[%emt 0:00:46]} exd5 {[%emt 0:02:46]} 6. d4 {[%emt 0:00:13]} Nc6 {[%emt 0:01:59]} 7. Bb5 {[%emt 0:00:42]} a6 {[%emt 0:08:29]} 8. Bxc6+ {[%emt 0:00:53]} bxc6 {[%emt 0:00:14]} 9. O-O {[%emt 0:02:46]} Bd6 {[%emt 0:04:05]} 10. dxc5 {[%emt 0:01:25]} Bxc5 {[%emt 0:00:05]} 11. b3 {[%emt 0:00:12]} Bg4 {[%emt 0:06:42]} 12. h3 {[%emt 0:00:31]} Bh5 {[%emt 0:00:54]} 13. Bb2 {[%emt 0:01:12]} O-O {[%emt 0:06:02]} 14. Ne2 {[%emt 0:00:07]} Bxf3 {[%emt 0:18:05]} 15. gxf3 $11 {[%emt 0:01:54]} Nd7 {[%emt 0:01:47]} 16. f4 {[%emt 0:06:29]} Qh4 {[%emt 0:03:08]} 17. Kg2 {[%emt 0:02:51]} f5 {[%emt 0:04:26]} 18. Ng3 {[%emt 0:05:15]} Qh6 {[%emt 0:03:03]} 19. Rc1 {[%emt 0:06:35]} Qe6 {[%emt 0:05:45]} 20. Rxc5 {[%emt 0:06:27]} Nxc5 {[%emt 0:00:27]} 21. Qd4 {[%emt 0:00:31]} Qf6 {[%emt 0:00:51]} 22. Qxf6 {[%emt 0:00:03]} gxf6 {[%emt 0:00:15]} 23. Ba3 {[%emt 0:00:09]} Ne4 {[%emt 0:01:08]} 24. Bxf8 {[%emt 0:05:21]} Nxg3 {[%emt 0:00:06]} 25. Kxg3 {[%emt 0:00:26]} Kxf8 {[%emt 0:00:34]} 26. Rc1 {[%emt 0:00:22]} Rc8 {[%emt 0:00:14]} 27. b4 {[%emt 0:17:05]} Ke7 {[%emt 0:00:49]} 28. Kf3 {[%emt 0:09:25]} Kd6 {[%emt 0:02:10]} 29. Rc5 {[%emt 0:06:58] Ke5 [%emt 00:04:32] Ke4+} 1/2-1/2

[Event "European Amateur-ch U2300 2019"]
[Site "Rhodes"]
[Date "2019.04.07"]
[Round "2.5"]
[White "Andreev, Stanislav"]
[Black "Samaridis, Konstantinos"]
[Result "1-0"]
[WhiteElo "2140"]
[BlackElo "2022"]
[Annotator "NA"]
[PlyCount "65"]
[EventDate "2019.04.06"]
[EventType "swiss"]
[EventCountry "GRE"]
[SourceTitle "playchess.com"]
[Source "ChessBase"]
[SourceQuality "1"]
[TimeControl "40/5400+30:1800+30"]

1. d4 {[%emt 0:00:00]} Nf6 {[%emt 0:00:00]} 2. c4 {[%emt 0:00:00]} g6 {[%emt 0:00:00]} 3. Nc3 {[%emt 0:00:19]} d5 {[%emt 0:00:08]} 4. cxd5 {[%emt 0:00:14]} Nxd5 {[%emt 0:00:13]} 5. e4 {[%emt 0:00:14]} Nxc3 {[%emt 0:00:06]} 6. bxc3 {[%emt 0:00:06]} Bg7 {[%emt 0:00:09]} 7. Bc4 {[%emt 0:00:19]} c5 {[%emt 0:00:17]} 8. Ne2 {[%emt 0:00:25]} Nc6 {[%emt 0:00:24]} 9. Be3 {[%emt 0:00:33]} O-O {[%emt 0:00:10]} 10. O-O {[%emt 0:00:10]} b6 {[%emt 0:00:03]} 11. Rb1 {[%emt 0:12:35]} Na5 {[%emt 0:05:23]} 12. Bd5 {[%emt 0:02:31]} Rb8 {[%emt 0:05:30]} 13. Bf4 {[%emt 0:12:21]} e6 {[%emt 0:13:00]} 14. Bxb8 {[%emt 0:00:56]} exd5 {[%emt 0:00:05]} 15. Bxa7 {[%emt 0:11:56]} Nc4 {[%emt 0:03:23]} 16. dxc5 {[%emt 0:00:37]} Qe7 {[%emt 0:09:33]} 17. Bxb6 {[%emt 0:04:21]} dxe4 {[%emt 0:01:17]} 18. Nd4 {[%emt 0:04:54]} Qg5 {[%emt 0:07:52]} 19. f4 {[%emt 0:19:18]} exf3 {[%emt 0:03:43]} 20. Nxf3 {[%emt 0:00:56]} Qe3+ {[%emt 0:00:31]} 21. Kh1 {[%emt 0:02:45]} Bxc3 {[%emt 0:04:05]} 22. Qc1 {[%emt 0:02:19]} Nd2 {[%emt 0:03:31]} 23. Nxd2 {[%emt 0:00:27]} Bxd2 {[%emt 0:00:11]} 24. Qc2 {[%emt 0:02:20]} Qh6 {[%emt 0:11:00]} 25. Bc7 {[%emt 0:01:38]} Be6 {[%emt 0:04:22]} 26. Rbd1 {[%emt 0:02:15]} Be3 {[%emt 0:00:39]} 27. Bd6 {[%emt 0:00:40]} Ra8 {[%emt 0:00:16]} 28. a4 {[%emt 0:00:45]} Qh4 {[%emt 0:04:51]} 29. Rde1 {[%emt 0:01:29]} Bf5 {[%emt 0:09:10]} 30. Qe2 {[%emt 0:02:56]} Bg5 {[%emt 0:06:01]} 31. a5 {[%emt 0:08:49]} Rxa5 {[%emt 0:03:16]} 32. Qe8+ {[%emt 0:00:44]} Kg7 {[%emt 0:00:06]} 33. Bf8+ {[%emt 0:00:21]} 1-0

[Event "European Amateur-ch U2300 2019"]
[Site "Rhodes"]
[Date "2019.04.08"]
[Round "3.1"]
[White "Samaridis, Konstantinos"]
[Black "Yungucu, Arda"]
[Result "1/2-1/2"]
[WhiteElo "2022"]
[BlackElo "1959"]
[Annotator "NA"]
[PlyCount "67"]
[EventDate "2019.04.06"]
[EventType "swiss"]
[EventCountry "GRE"]
[SourceTitle "playchess.com"]
[Source "ChessBase"]
[SourceQuality "1"]
[TimeControl "40/5400+30:1800+30"]

1. e4 {[%emt 0:00:00]} c5 {[%emt 0:01:42]} 2. Nf3 {[%emt 0:00:00]} Nc6 {[%emt 0:00:07]} 3. d4 {[%emt 0:00:00]} cxd4 {[%emt 0:00:09]} 4. Nxd4 {[%emt 0:00:00]} Nf6 {[%emt 0:00:08]} 5. Nc3 {[%emt 0:00:02]} e5 {[%emt 0:00:06]} 6. Ndb5 {[%emt 0:00:06]} d6 {[%emt 0:00:14]} 7. Bg5 {[%emt 0:00:11]} a6 {[%emt 0:00:10]} 8. Na3 {[%emt 0:00:04]} b5 {[%emt 0:00:09]} 9. Nd5 {[%emt 0:00:09]} Be7 {[%emt 0:00:09]} 10. Bxf6 {[%emt 0:00:10]} Bxf6 {[%emt 0:00:08]} 11. c4 {[%emt 0:00:07]} b4 {[%emt 0:00:30]} 12. Nc2 {[%emt 0:00:08]} a5 {[%emt 0:00:16]} 13. g3 {[%emt 0:00:54]} Bg5 {[%emt 0:03:30]} 14. h4 {[%emt 0:01:41]} Bh6 {[%emt 0:02:45]} 15. Bh3 {[%emt 0:01:20]} O-O {[%emt 0:08:42] LiveBook: 4 Games} 16. Kf1 {[%emt 0:05:00]} ({White should play} 16. Bxc8 $14 Rxc8 17. b3) 16... Be6 {[%emt 0:21:21]} 17. Kg2 $11 {[%emt 0:02:24]} Ne7 {[%emt 0:07:14]} 18. Nxe7+ {[%emt 0:00:43]} Qxe7 {[%emt 0:00:02]} 19. Qd3 {[%emt 0:02:30]} g6 {[%emt 0:15:57]} 20. h5 {[%emt 0:03:53]} Kg7 {[%emt 0:04:01]} 21. Bxe6 {[%emt 0:15:26]} fxe6 {[%emt 0:03:49]} 22. hxg6 {[%emt 0:02:34]} hxg6 {[%emt 0:01:14]} 23. Ne3 {[%emt 0:05:22]} Bxe3 {[%emt 0:07:04]} 24. Qxe3 {[%emt 0:00:29]} Rh8 {[%emt 0:00:12]} 25. Rxh8 {[%emt 0:01:20]} Rxh8 {[%emt 0:00:31]} 26. Qb6 {[%emt 0:15:56]} Rc8 {[%emt 0:12:26]} 27. Rh1 {[%emt 0:24:19]} Qc7 {[%emt 0:08:43]} 28. Qe3 {[%emt 0:00:05]} Qxc4 {[%emt 0:00:33]} 29. Qh6+ {[%emt 0:00:15]} Kf7 {[%emt 0:00:25]} 30. Qh7+ {[%emt 0:02:57]} Kf6 {[%emt 0:00:10]} 31. Qh4+ {[%emt 0:01:29]} Kf7 {[%emt 0:00:08]} 32. Qh7+ {[%emt 0:04:08]} Kf6 {[%emt 0:00:13]} 33. Qh4+ {[%emt 0:05:36]} Kf7 {[%emt 0:06:29]} 34. Qh7+ {[%emt 0:06:49]} 1/2-1/2

[Event "European Amateur-ch U2300 2019"]
[Site "Rhodes"]
[Date "2019.04.08"]
[Round "3.2"]
[White "Minko, Dmitry"]
[Black "Andreev, Stanislav"]
[Result "0-1"]
[WhiteElo "2169"]
[BlackElo "2140"]
[Annotator "NA"]
[PlyCount "74"]
[EventDate "2019.04.06"]
[EventType "swiss"]
[EventCountry "GRE"]
[SourceTitle "playchess.com"]
[Source "ChessBase"]
[SourceQuality "1"]
[TimeControl "40/5400+30:1800+30"]

1. e4 {[%emt 0:00:00]} c6 {[%emt 0:00:00]} 2. Nc3 {[%emt 0:00:00]} d5 {[%emt 0:00:01]} 3. Nf3 {[%emt 0:00:00]} dxe4 {[%emt 0:00:38]} 4. Nxe4 {[%emt 0:00:06]} Nf6 {[%emt 0:00:05]} 5. Nxf6+ {[%emt 0:00:11]} exf6 {[%emt 0:00:08]} 6. Bc4 {[%emt 0:00:08]} Bd6 {[%emt 0:00:39]} 7. Qe2+ {[%emt 0:00:54]} Be7 {[%emt 0:00:09]} 8. O-O {[%emt 0:01:37]} O-O {[%emt 0:00:11]} 9. d4 {[%emt 0:03:26]} Bg4 {[%emt 0:06:54]} 10. Be3 {[%emt 0:08:03]} Bd6 {[%emt 0:02:03]} 11. Bb3 {[%emt 0:17:15]} Nd7 {[%emt 0:04:09]} 12. h3 {[%emt 0:05:48]} Bh5 $11 {[%emt 0:02:31]} 13. g4 {[%emt 0:05:24]} Bg6 {[%emt 0:00:15]} 14. Nh4 {[%emt 0:00:06]} Qc7 {[%emt 0:14:29]} 15. Nxg6 {[%emt 0:07:10]} hxg6 {[%emt 0:00:53]} 16. f4 {[%emt 0:08:53]} Rfe8 {[%emt 0:05:05]} 17. Qf3 {[%emt 0:04:50]} f5 {[%emt 0:07:59]} 18. g5 {[%emt 0:09:54]} Re4 {[%emt 0:01:39]} 19. c3 {[%emt 0:07:47]} Nb6 {[%emt 0:22:56]} 20. Bc2 {[%emt 0:01:14]} Re7 {[%emt 0:00:14]} 21. Bb3 {[%emt 0:10:41]} Rae8 {[%emt 0:04:02]} 22. Bd2 {[%emt 0:02:23]} c5 {[%emt 0:03:25]} 23. dxc5 {[%emt 0:03:13]} Qxc5+ {[%emt 0:03:22]} 24. Kh1 {[%emt 0:00:07]} Nc4 {[%emt 0:01:05]} 25. Bxc4 {[%emt 0:01:45]} Qxc4 {[%emt 0:00:06]} 26. b3 {[%emt 0:00:34]} Qc7 {[%emt 0:00:58]} 27. Rf2 {[%emt 0:01:19]} Re4 {[%emt 0:01:16]} 28. Raf1 {[%emt 0:00:19]} b5 {[%emt 0:01:06]} 29. h4 {[%emt 0:00:36]} Bc5 {[%emt 0:04:07]} 30. Rh2 {[%emt 0:00:32]} Be3 {[%emt 0:00:52]} 31. Bxe3 {[%emt 0:00:27]} Rxe3 {[%emt 0:00:08]} 32. Qd5 {[%emt 0:00:04]} Qxc3 {[%emt 0:08:10]} 33. Qxb5 {[%emt 0:00:15]} Re1 {[%emt 0:00:27]} 34. Rhf2 {[%emt 0:01:18]} Rxf1+ {[%emt 0:00:48]} 35. Rxf1 {[%emt 0:00:04]} Qh3+ {[%emt 0:00:11]} 36. Kg1 {[%emt 0:00:06]} Qg3+ {[%emt 0:00:22]} 37. Kh1 {[%emt 0:00:06]} Re3 {[%emt 0:03:08]} 0-1

[Event "European Amateur-ch U2300 2019"]
[Site "Rhodes"]
[Date "2019.04.08"]
[Round "3.3"]
[White "Brouwer, Dennis"]
[Black "Cmiel, Thorsten"]
[Result "1/2-1/2"]
[WhiteElo "2179"]
[BlackElo "2109"]
[Annotator "NA"]
[PlyCount "81"]
[EventDate "2019.04.06"]
[EventType "swiss"]
[EventCountry "GRE"]
[SourceTitle "playchess.com"]
[Source "ChessBase"]
[SourceQuality "1"]
[TimeControl "40/5400+30:1800+30"]

1. e4 {[%emt 0:00:00]} c5 {[%emt 0:01:11]} 2. Nf3 {[%emt 0:00:00]} d6 {[%emt 0:00:05]} 3. Bb5+ {[%emt 0:00:00]} Bd7 {[%emt 0:00:06]} 4. Bxd7+ {[%emt 0:00:06]} Qxd7 {[%emt 0:00:02]} 5. c4 {[%emt 0:00:13]} Nc6 {[%emt 0:09:16]} 6. Nc3 {[%emt 0:00:12]} g6 {[%emt 0:00:46]} 7. d4 {[%emt 0:00:11]} cxd4 {[%emt 0:00:10]} 8. Nxd4 {[%emt 0:00:07]} Bg7 {[%emt 0:00:02]} 9. Be3 {[%emt 0:00:32]} Nf6 {[%emt 0:00:28]} 10. f3 {[%emt 0:00:11]} O-O {[%emt 0:02:07]} 11. O-O {[%emt 0:00:09]} Rfc8 {[%emt 0:10:23]} 12. b3 {[%emt 0:00:46]} Qd8 {[%emt 0:03:41]} 13. Qd2 {[%emt 0:01:27] LiveBook: 59 Games} Nd7 {[%emt 0:01:48]} 14. Nde2 {[%emt 0:04:33]} Nc5 {[%emt 0:04:59]} 15. Rab1 $14 {[%emt 0:07:54]} Qf8 {[%emt 0:06:59]} 16. Rfd1 {[%emt 0:02:56]} Ne5 {[%emt 0:04:51]} 17. h3 {[%emt 0:03:30]} b6 {[%emt 0:05:18]} 18. Kh1 {[%emt 0:13:26]} Rd8 {[%emt 0:02:37]} 19. Nd4 {[%emt 0:02:03]} Rac8 {[%emt 0:01:22]} 20. Ncb5 {[%emt 0:05:37]} a6 {[%emt 0:01:28]} 21. Nc3 {[%emt 0:01:20]} e6 {[%emt 0:01:44]} 22. Nde2 {[%emt 0:15:52]} Rc6 {[%emt 0:10:12]} 23. f4 {[%emt 0:04:16]} Ned7 {[%emt 0:00:17]} 24. Rbc1 {[%emt 0:04:42]} Nb7 {[%emt 0:14:42]} 25. Nd4 {[%emt 0:03:31]} Rcc8 {[%emt 0:02:08]} 26. Qf2 {[%emt 0:01:10]} Qe7 {[%emt 0:01:26]} 27. Qf3 {[%emt 0:01:21]} Rc7 {[%emt 0:05:29]} 28. Qg3 {[%emt 0:07:45]} Rdc8 {[%emt 0:05:51]} 29. Bg1 {[%emt 0:04:21]} Nbc5 {[%emt 0:00:00]} 30. Qe3 {[%emt 0:03:10]} Kh8 {[%emt 0:00:00]} 31. Qe2 {[%emt 0:01:12]} Nb7 {[%emt 0:00:00]} 32. Qd2 {[%emt 0:01:25]} Kg8 {[%emt 0:00:00]} 33. Nde2 {[%emt 0:01:34]} Qe8 {[%emt 0:02:20]} 34. Qd3 {[%emt 0:03:09]} Ndc5 {[%emt 0:00:14]} 35. Qd2 {[%emt 0:01:24]} Nd7 {[%emt 0:01:35]} 36. Nd4 {[%emt 0:01:15]} Ndc5 {[%emt 0:00:14]} 37. Be3 {[%emt 0:01:43]} Kh8 {[%emt 0:01:40]} 38. Re1 {[%emt 0:02:00]} Kg8 {[%emt 0:00:24]} 39. Red1 {[%emt 0:01:29]} Nd7 {[%emt 0:00:14]} 40. Na4 {[%emt 0:00:00]} Nbc5 {[%emt 0:00:00]} 41. Nc3 {[%emt 0:13:48]} 1/2-1/2

[Event "European Amateur-ch U2300 2019"]
[Site "Rhodes"]
[Date "2019.04.08"]
[Round "3.4"]
[White "Shukan, Alexander"]
[Black "Stavropoulos, Konstantinos"]
[Result "0-1"]
[WhiteElo "2088"]
[BlackElo "2001"]
[Annotator "NA"]
[PlyCount "78"]
[EventDate "2019.04.06"]
[EventType "swiss"]
[EventCountry "GRE"]
[SourceTitle "playchess.com"]
[Source "ChessBase"]
[SourceQuality "1"]
[TimeControl "40/5400+30:1800+30"]

1. e4 {[%emt 0:00:00]} c5 {[%emt 0:00:00]} 2. Nc3 {[%emt 0:00:00]} Nc6 {[%emt 0:00:34]} 3. g3 {[%emt 0:00:00]} g6 {[%emt 0:00:14]} 4. d3 {[%emt 0:00:01]} Bg7 {[%emt 0:00:16]} 5. Be3 {[%emt 0:00:04]} d6 {[%emt 0:00:14]} 6. Qd2 {[%emt 0:00:04]} b6 {[%emt 0:00:16]} 7. Bg2 {[%emt 0:00:06]} Bb7 {[%emt 0:00:08]} 8. Nge2 {[%emt 0:00:04]} Qd7 {[%emt 0:00:14]} 9. h3 {[%emt 0:01:29]} f5 {[%emt 0:01:45]} 10. exf5 {[%emt 0:01:23]} gxf5 {[%emt 0:01:39]} 11. Nf4 {[%emt 0:03:22]} Nf6 {[%emt 0:01:57]} 12. O-O-O {[%emt 0:07:53]} e6 {[%emt 0:20:17]} 13. g4 {[%emt 0:00:18]} e5 {[%emt 0:00:45]} 14. g5 {[%emt 0:05:40]} Ng8 {[%emt 0:01:18]} 15. Nh5 {[%emt 0:06:49]} f4 {[%emt 0:00:40]} 16. Bxf4 $16 {[%emt 0:00:21]} exf4 {[%emt 0:00:07]} 17. h4 {[%emt 0:05:28]} Be5 {[%emt 0:22:00]} 18. Rde1 {[%emt 0:18:28]} Qf7 {[%emt 0:07:06]} 19. g6 {[%emt 0:01:12]} Qxg6 {[%emt 0:16:21]} 20. Nxf4 {[%emt 0:00:40]} Qh6 {[%emt 0:00:10]} 21. Ne6 {[%emt 0:28:55]} Qxe6 {[%emt 0:04:44]} 22. d4 {[%emt 0:06:50]} cxd4 {[%emt 0:01:40]} 23. Nb5 {[%emt 0:01:12]} Qxa2 {[%emt 0:01:07]} 24. Qg5 {[%emt 0:05:17]} Qa1+ {[%emt 0:01:01]} 25. Kd2 {[%emt 0:00:04]} Qa5+ {[%emt 0:00:07]} 26. Kd1 {[%emt 0:00:04]} Qxb5 {[%emt 0:00:15]} 27. f4 {[%emt 0:02:21]} Nge7 {[%emt 0:04:08]} 28. Qh5+ {[%emt 0:00:27]} Ng6 {[%emt 0:01:15]} 29. Qg5 {[%emt 0:01:35]} Nxf4 {[%emt 0:01:37]} 30. Rhf1 {[%emt 0:01:26]} d3 {[%emt 0:01:18]} 31. Rxf4 {[%emt 0:00:16]} dxc2+ {[%emt 0:00:06]} 32. Kxc2 {[%emt 0:00:57]} Qxb2+ {[%emt 0:01:15]} 33. Kd1 {[%emt 0:00:06]} Qb1+ {[%emt 0:00:26]} 34. Kd2 {[%emt 0:00:07]} Qg6 {[%emt 0:00:11]} 35. Bxc6+ {[%emt 0:01:08]} Bxc6 {[%emt 0:00:26]} 36. Rxe5+ {[%emt 0:00:04]} dxe5 {[%emt 0:00:51]} 37. Qxe5+ {[%emt 0:00:04]} Kd7 {[%emt 0:00:11]} 38. Qd4+ {[%emt 0:02:07]} Kc7 {[%emt 0:00:23]} 39. Qe5+ {[%emt 0:00:31]} Qd6+ {[%emt 0:00:07]} 0-1